[Event "Olympiad-37"]
[Site "Turin"]
[Date "2006.05.29"]
[Round "8"]
[White "Bacrot, Etienne"]
[Black "Sokolov, Ivan"]
[Result "1-0"]
[WhiteElo "2708"]
[BlackElo "2676"]
[Annotator "Rogozenco,D"]
[PlyCount "79"]
[EventDate "2006.05.21"]
[EventType "team-swiss"]
[EventRounds "13"]
[EventCountry "ITA"]
[SourceTitle "CBM 113"]
[Source "ChessBase"]
[SourceDate "2006.07.31"]
[SourceVersion "1"]
[SourceVersionDate "2006.07.31"]
[SourceQuality "1"]
[WhiteTeam "France"]
[BlackTeam "Netherlands"]
[WhiteTeamCountry "FRA"]
[BlackTeamCountry "NED"]

1. d4 d5 2. c4 c6 3. Nc3 Nf6 4. e3 e6 5. Nf3 a6 6. c5 b6 (6... Nbd7 7. b4 $14)
7. cxb6 Qxb6 ({Perfectly playable for Black is} 7... Nbd7 {The latest example
from top level practice is:} 8. Na4 (8. Bd3 c5 $11) 8... Nxb6 9. Bd2 Nxa4 10.
Qxa4 Bd7 (10... Qb6 $6 11. Rc1 Bd7 12. Ne5 Qxb2 13. Nxd7 Nxd7 14. Bd3 $44 {
1-0 Euwe,M-Alekhine,A/Netherlands 1935/ (69)}) 11. Ne5 Ne4 $5 $146 ({White is
only marginally better after} 11... c5 12. Nxd7 Qxd7 13. Qxd7+ Kxd7 $14 {/=})
12. Ba5 c5 13. Nxd7 Qxd7 14. Qxd7+ Kxd7 15. f3 Nf6 16. Rc1 (16. dxc5 Bxc5 $11)
16... c4 17. b3 Rb8 $5 18. bxc4 Bb4+ 19. Bxb4 Rxb4 $44 {1/2-1/2 Ponomariov,R 
(2738)-Topalov,V (2804)/Sofia 2006 (66)}) 8. Na4 Qa7 9. Bd3 $146 (9. Bd2 a5 10.
Rc1 Ne4 11. Bd3 Nxd2 12. Nxd2 Ba6 13. Nb3 Bb4+ 14. Ke2 O-O 15. Bxa6 Nxa6 16. a3
Be7 $5 (16... Qb7 $6 17. Qd3 Rfb8 18. Rhd1 g6 19. Kf1 $14 {1-0 Doric,D (2402)
-Martinovic,S (2182)/Zadar 2005 (38)}) 17. Qd3 (17. Nxa5 Nb8 18. b4 Bd8 $132)
17... Rfc8 $11 {[%cal Gc6c5]}) 9... a5 ({I like} 9... Nbd7 {more:} 10. O-O c5
$14 {/=}) 10. O-O Ba6 11. Ne5 Bd6 {If Black's plan includes Nfd7 (what Sokolov
did later), then it deserves attention to place the bishop on e7.} ({After} 
11... Be7 {White's plan from the game is less dangerous for Black:} 12. Bxa6
Qxa6 13. b3 O-O 14. Bb2 Nfd7 15. Rc1 Nxe5 16. dxe5 Nd7 $14) 12. Bxa6 Qxa6 {
Black succeeded to exchange the light-squared bishops, but with the pawn on c6
he will have to suffer for a long time.} 13. b3 $1 {On the long run the bishop
on b2 is better placed than on d2 and Bacrot proves it convincingly later on.}
O-O (13... Nfd7 14. Bb2 Bxe5 15. dxe5 c5 16. Ba3 $16) 14. Bb2 Nfd7 15. Rc1 Rc8
$6 16. f4 $1 $16 {White starts a direct attack, using the fact that all black
pieces left their king.} Ra7 {Good or bad, Black had to play either 16...g6 or
16...f5.} 17. f5 exf5 18. Rxf5 f6 (18... Nf6 19. Rxf6 $1 gxf6 20. Ng4 Nd7 21.
Nh6+ $18 {[%cal Gd1h5]}) (18... Rf8 19. Qf3 f6 20. Nxc6 $18) 19. Ng4 Re8 20. h4
$1 {Black's position is much more difficult than it may appear at the
beginning. White creates targets for attack on f6 and h6, then places the
knight on c5 (which can hardly be taken, since it will open the long diagonal
for the bishop) and then opens the position with e3-e4. Bacrot brilliantly
shows the power of White's position.} Kh8 21. h5 h6 22. Nc5 Qc8 ({The
variations below show White's potential:} 22... Bxc5 23. dxc5 Qb5 24. Nxf6 $1
gxf6 (24... Rf8 25. Ne8 Rxf5 26. Bxg7+ Kg8 27. Qg4 Rg5 28. Qe6+ Kh7 29. Qxh6+
Kg8 30. Qh8+ Kf7 31. Nd6+ Ke6 32. Qe8#) 25. Rxf6 Nxf6 26. Bxf6+ Kh7 (26... Rg7
27. Bxg7+ Kxg7 28. Qg4+ Kh8 29. Qg6 {Black is lost. For instance:} Rf8 30.
Qxh6+ Kg8 31. Qg5+ Kh8 32. Qe7 Kg8 (32... Rg8 33. Qe5+ Kh7 34. Rf1 Rg7 35. Qf5+
$18) 33. h6 Rf7 34. Qe8+ $18) 27. Rc4 $3 {A beautiful multipurpose move: 1. it
closes the diagonal a6-f1, thus preventing ...Qd3 later; 2 it covers square e4
and makes the check from c2 much more dangerous for Black and 3. it prepares
the transfer of the rook to the kingside. Black's position is hopeless:} (27.
Qc2+ $2 Re4) (27. Qg4 $2 Qd3 $19) 27... dxc4 (27... Rae7 28. Qg4 $18) 28. Qg4
Rg8 29. Qf5+ {with mate.}) 23. Qf3 Qd8 {Trying to protect f6 is not enough.
Better was to bring the queen on f8, protecting h6 as well.} ({After} 23...
Bxc5 24. dxc5 Re6 25. e4 $1 dxe4 (25... Rxe4 26. Nxf6 gxf6 27. Rxf6 $18) 26.
Qe3 Qf8 {White at least does not have a forced win.} (26... Na6 27. Nxh6 Qf8 (
27... gxh6 28. Qxh6+ Kg8 29. Rg5+ $18) 28. Ng4 $18) {However, White has a
clear advantage after} 27. Rc4 Na6 28. Rxe4 Rxe4 29. Qxe4 Naxc5 30. Qf4 {
with big activity for all white pieces. For instance a move like} Rb7 {
preparing 31...Ne6 loses at once:} (30... Ne6 31. Qe3 $18 {[%cal Ge3a7,Ge3e6]})
31. Nxf6 gxf6 32. Bxf6+ Nxf6 33. Rxf6 Qe7 34. Rxh6+ Kg8 35. Rg6+ Kh8 36. Qh6+
Qh7 37. Qf8+ {mating}) 24. e4 $1 $18 Nxc5 (24... Bxc5 25. dxc5 dxe4 26. Qe3 {
and White has an unstoppable attack. For example:} Kh7 (26... Re6 27. Nxh6 gxh6
28. Qxh6+ Kg8 29. Rg5+ $18) (26... Na6 27. Nxh6 $18) 27. Rd1 $1 ({Even
stronger than} 27. Bxf6 Nxf6 28. Rxf6 Kh8 $16) 27... Re6 (27... Qe7 28. Bxf6
gxf6 29. Qxh6+ Kg8 30. Nxf6+ Nxf6 31. Rg5+ $18) 28. Rxf6 Rxf6 29. Qxe4+ Kh8 30.
Nxf6 gxf6 31. Rd6 Qf8 32. Re6 Qxc5+ 33. Bd4 $18) 25. dxc5 dxe4 26. Qe3 Be7 {
f6 seems well protected, but this is just an illusion.} 27. Nxf6 $1 Bxf6 (27...
gxf6 28. Qxh6+ Kg8 29. Qg6+ Kf8 30. h6 $18) 28. Rxf6 Kg8 (28... gxf6 29. Qxh6+
Kg8 30. Bxf6 $18) 29. Rg6 Rf7 30. Qxh6 Ree7 31. Qg5 Rd7 32. Qxd8+ {Bacrot goes
for a technical win.} (32. Qg4 {followed by the advance of the h-pawn would
have finished the game even faster.}) 32... Rxd8 33. h6 {The endgame is also
easily winning: White has two extra pawns and better pieces.} Kh7 34. Rxg7+
Rxg7 35. hxg7 Rd2 36. Bc3 Rd3 (36... Rxa2 37. Rf1 $18) 37. Kf2 Kg8 38. Ba1 Kf7
39. Ke2 Nd7 40. Rf1+ (40. Rf1+ Kg8 41. Rh1 Kf7 42. Rh8 Rg3 43. Rd8 Nxc5 44.
Rf8+ Ke6 45. g8=Q+ $18) 1-0

[Event "Bundesliga 0304"]
[Site "Germany"]
[Date "2004.03.08"]
[Round "11.1"]
[White "Nielsen, Peter Heine"]
[Black "Rogozenco, Dorian"]
[Result "1-0"]
[WhiteElo "2626"]
[BlackElo "2517"]
[Annotator "Rogozenco,D"]
[PlyCount "61"]
[EventDate "2003.11.01"]
[EventType "team-tourn"]
[EventRounds "15"]
[EventCountry "GER"]
[SourceTitle "CBM 100"]
[Source "ChessBase"]
[SourceDate "2004.06.01"]
[SourceVersion "1"]
[SourceVersionDate "2004.06.01"]
[SourceQuality "1"]
[WhiteTeam "Wattenscheid"]
[BlackTeam "Neukoelln"]
[WhiteTeamCountry "GER"]
[BlackTeamCountry "GER"]

1. d4 {Lutz} d5 2. c4 c6 3. Nc3 Nf6 4. e3 e6 5. Nf3 Nbd7 6. Qc2 Bd6 7. g4 Bb4 (
{Next week after the game I found out that Peter Heine became recently a
specialist of this system. Previous to this game he used to play sharp Bg5
lines against Semi-Slav. However, there are plenty of sharp lines in Meran as
well, as demonstrated in the present encounter.} 7... Nxg4 8. Rg1 f5 9. h3 Ngf6
10. Rxg7 Ne4 11. Bd2 Qf6 12. Rg2 Nf8 13. O-O-O Bd7 (13... Ng6 14. Bd3 {1-0
Kasparov,G-Nielsen,P/Reykjavik ISL 2004 (41)}) 14. Ne5 Nxd2 15. Nxd7 Nxd7 16.
Rxd2 a6 17. f4 Bb4 18. cxd5 cxd5 19. Qb3 Qe7 20. Rc2 Nf6 21. Ne2 Kf7 22. Ng1
Rhc8 23. Nf3 Bd6 24. Kb1 Ne4 25. Bd3 h6 26. a3 Rxc2 27. Qxc2 Rg8 28. Rxg8 Kxg8
29. Qc8+ Kg7 30. Ka2 Nf6 31. b4 Qd7 32. Qxd7+ Nxd7 33. Kb3 Kf7 34. a4 Nb8 35.
a5 Nc6 36. Ne5+ {1/2-1/2 Kasparov,G-Nielsen,P/Reykjavik ISL 2004}) 8. Bd2 Qe7
9. Rg1 Bxc3 10. Bxc3 Ne4 {Lutz: 'Es sieht etwas seltsam aus, dass Schwarz es
sich leisten kann, mehrmals in der Eröffnung die gleichen Figuren zu ziehen (..
.Bf8-d6-b4, ...Ng8-f6-e4), aber andererseits verflacht dadurch die Stellung
etwas und der weiße Vormarsch des g-Bauern läuft ins Leere.'} 11. O-O-O {
'!?' Lutz. Kasparov's novelty from his match versus Fritz X3D. It caught me by
total surprise and I spent tons of time after this. Lutz: 'Mit diesem Zug
spart Weiß ein Tempo gegenüber dem häufig gespielten 11.Bd3, da Schwarz
wahrscheinlich ohnehin auf c3 schlagen wird.'} (11. cxd5 $6 {Lutz} exd5 12. Bd3
O-O 13. O-O-O Re8 $11 {0-1 Palo,D-Nielsen,P/Skanderborg 2003/CBM 98/[Atlas,V] 
(34)}) (11. Bd3 {Lutz} Nxc3 12. Qxc3 dxc4 13. Bxc4 O-O 14. h4 c5 15. g5 cxd4
16. Qxd4 Rd8 17. O-O-O b5 $1 18. Bxb5 Bb7 $44 {0-1 Moiseenko,A-Potkin,V/
Istanbul 2003/CBM 96/[Atlas,V] (31)}) 11... Nxc3 (11... Qf6 {Lutz: 'kann nur
ein Computer spielen.'} 12. Be2 Nxf2 13. Rdf1 Ne4 14. Bb4 $16 {1/2-1/2
Kasparov,G-Comp Fritz X3D/New York 2003 (37)} c5 $1 {Lutz} 15. cxd5 exd5 16.
dxc5 Qe7 17. Nd4 O-O 18. Nf5 Qe5 19. c6 bxc6 20. Bxf8 Kxf8 21. Ng3 $40 {
1/2-1/2 Kasparov,G-Comp Fritz X3D/New York 2003/CBM 98/[Lutz] (37)}) (11... O-O
12. Bd3 (12. Be1 $5 {during the game I was concerned about this one. Lutz:
'wäre eigentlich konsequenter, um den schwarzfeldrigen Läufer zu erhalten und
anschließend mit Bd3 den Springer zu befragen.'}) 12... Nxc3 13. Qxc3 dxc4 14.
Qxc4 e5 15. Bf5 exd4 16. Qxd4 Qc5+ 17. Kb1 Qxd4 18. Rxd4 Nb6 $11 {1/2-1/2
Nakamura,H-Zhu Chen/Wijk aan Zee NED 2004 (182)} 19. Bc2 {Lutz} g6 20. h3 f5
21. Rg3 Kg7 22. a4 c5 23. Rf4 Nd5 24. Rc4 fxg4 25. hxg4 b6 26. Re4 Bb7 $132 {
1/2-1/2 Nakamura,H-Zhu Chen/Wijk aan Zee 2004/CBM 99 (182)}) 12. Qxc3 O-O (
12... dxc4 13. Qxc4 (13. Bxc4 b6 14. Bd3 (14. Kb1 $5 Bb7 15. Ka1) 14... Bb7 15.
d5 cxd5 16. Qxg7 O-O-O 17. Kb1 Kb8 18. Ne5 Nxe5 19. Qxe5+ Qd6 20. Qxd6+ Rxd6
21. f4 $14 {1-0 Harikrishna,P-Sriram,J/Calicut IND 2003 (41)}) 13... O-O 14. g5
Rb8 $13 {1/2-1/2 Aleksandrov,A-Lautier,J/Poikovsky RUS 2004 (34)}) 13. Qc2 {
Lutz: 'Mit diesem Zug will Weiß Bd3 vorzubereiten, um eine Schwächung am
Königsflügel zu provozieren.'} (13. g5 {appears less accurate to me:} dxc4 14.
Bxc4 b5 15. Bd3 Bb7 16. Qc2 g6 $13 {[%cal Gc6c5] 1/2-1/2 Sargissian,
G-Sveshnikov,E/Stepanakert AZE 2004 (31)}) 13... e5 {'!?' Lutz. Lutz: 'Schwarz
öffnet die Stellung, um den Bc8 herauszubringen. Dafür muss er aber nun einen
Isolani auf d5 in Kauf nehmen.'} (13... dxc4 $2 14. Bxc4 b5 15. Bd3 $16) (13...
b6 $5 {Lutz} 14. Bd3 g6 15. Kb1 $13) 14. cxd5 cxd5 15. dxe5 Nxe5 16. Nxe5 Qxe5
17. Kb1 {Here I underestimated my position and decided to change the course of
events. Black is worse, but there was no reason to panic. Unfortunately my
idea had a tactical refutation.} (17. Bd3 $2 Bxg4 18. Bxh7+ Kh8 $17 {[%csl Rd1]
[%cal Ga8c8]}) 17... f5 $2 {Lutz: 'Diese Öffnung der Stellung erscheint mir
äußerst riskant, da die weißen Schwerfiguren aktiver stehen und es sich
direkte Drohungen gegen den schwarzen König ergeben. Es ergeben sich nun viele
interessante geometrische Motive.'} ({After the normal} 17... Be6 {things are
not so tragic:} 18. Bd3 (18. h3 {Lutz} Rac8 $13) 18... Rac8 19. Qe2 Rc5 20. f4
(20. h4 $5) 20... Qd6 21. f5 Bd7 22. g5 $13 {During the game I thought Black
is in deep troubles here, but in reality things are far from clear, since
Black might have sufficient counterplay on the e-file.}) (17... Qxh2 {This
also looks very dangerous.} 18. Rg3 $5 $44 Qh6 {Lutz} 19. Rxd5 $36 (19. Rh3 Qg6
20. Bd3 f5 $13)) 18. Rxd5 $1 {The first move which comes to one's mind, but I
thought Black has enough play after it.} Qxh2 (18... Qxd5 $2 19. Bc4 $18) 19.
Bc4 Be6 (19... Qxg1+ $2 {Lutz} 20. Rd1+ {[%csl Rc4,Rg1,Rg8][%cal Yd1g1,Yc4g8]})
20. Rdd1 Bxc4 (20... Qe5 21. f4 Qf6 22. Rd6 $18) 21. Qxc4+ Kh8 {At a closer
look the evaluation of this position turned out to be different...} 22. gxf5
Qxf2 {'?!' Lutz. Leads by force to a practically lost position, but there is
nothing else anyway.} (22... Rxf5 23. f4 $16 {[%csl Rg7] '->' Lutz. /+- Lutz:
'erscheint wie das kleinere Übel.'}) 23. Rxg7 $1 {[%mdl 64] The refutation of
Black's 17...f5.} (23. e4 {(Lutz) ist ebenfalls vorteilhaft für Weiß, aber der
Textzug ist stärker.}) 23... Qxf5+ (23... Kxg7 24. Rd7+ {'+/-!' Lutz. Lutz:
'Weiß landet eine taktische Wendung, wonach der schwarze König schlagartig
entblößt ist und Weiß die 7. Reihe erobert.'} {Lutz: Nach} Kh6 {Lutz: 'wird
der schwarze König Opfer einer Treibjagd:'} (24... Kh8 {Lutz} 25. Qd4+) 25.
Qe6+ Kg5 26. Rg7+ Kh5 (26... Kh4 {Lutz} 27. Qh6#) 27. Rxh7+ Kg4 28. Qe4+ Kg3 (
28... Kg5 {Lutz} 29. Rg7+ Kh6 30. Rg6+) 29. Qh4+ Kf3 (29... Kg2 {Lutz} 30. Qh3+
) 30. Qf4+ $18 Ke2 {Lutz} 31. Qc4+ Kf3 32. Rh3+ Kg2 (32... Qg3 33. Qf4+) 33.
Qg4+ Kf1 34. Rh1+ $18) (23... Rac8 {"The spare move" doesn't work:} 24. Rxh7+
$1 (24. Rc7 Qxf5+ 25. Ka1 Rxc7 26. Qxc7 $14) 24... Kxh7 25. Rd7+ {and mate
soon.}) 24. e4 Qe5 25. Rxb7 Rab8 (25... Rac8 {Lutz} 26. Qd5 {, und auch nach
Damentausch verringern sich die schwarzen Probleme nicht.}) 26. Rdd7 $1 {
It is important for White to remain active.} (26. Rd5 {This is strong too.})
26... Rxb7 27. Rxb7 a6 28. a3 Re8 $1 29. Ka1 Re7 $2 {It is difficult to fight
on after having resigned psychologically. Especially in severe time trouble. 
Nevertheless, Black had a surprising chance to complicate matters.} (29... Qxe4
$1 {Lutz: 'ist noch nicht klar:'} 30. Qc3+ (30. Qxa6 {Lutz} Qh1+ 31. Ka2 Qd5+
32. Rb3 $16) 30... Re5 $1 {Amazingly, White has no forced win after this.} (
30... Qe5 {'?' Lutz.} 31. Rb8 $18 {'+-!' Lutz.}) 31. Rb8+ (31. Re7 $2 {After
this Black saves himself with a perpetual:} Qh1+ 32. Ka2 Qd5+ 33. Kb1 Qd1+ 34.
Ka2 Qd5+ {'=' Lutz.} 35. b3 Qg2+ {'=' Lutz. Lutz: 'mit Dauerschach'} 36. Kb1
Qf1+ 37. Kc2 Qe2+ 38. Kc1 Qf1+ $11) 31... Kg7 32. Qg3+ Kf6 33. Rf8+ Ke6 34.
Qg8+ $16 {Without a computer check I could have hardly believed that Black can
still fight.}) 30. Qc8+ Kg7 31. Qe8 1-0